LEADER 01256nam a2200277 4500 001 000000355297 003 CaOOAMICUS 005 20230905125916.0 008 230905s2022 it 000 u ita r 020 $a978-88-331-3894-7 040 $aSeMil$bita 100 1 $aTronca, Donatella.$0(OLS)http://semarc/name/118227 245 10$aChristiana choreia :$bdanza e cristianesimo tra antichità e Medioevo /$cDonatella Tronca. 264 1$aRoma :$bViella,$c2022. 300 $a176 p. ;$c21 cm 490 1 $aI libri di Viella ;$v415 650 4$aDanza - Antropologia culturale.$0(OLS)http://semarc/subject/54250 650 4$aDanze sacre - Sec. 5 a.C.-6 d.C.$0(OLS)http://semarc/subject/54249 650 4$aDanza - Cristianesimo - Storia.$0(OLS)http://semarc/subject/54251 830 2$aI libri di Viella ;$v415.$0(OLS)http://semarc/title/23602 850 $aSeMil 852 $aSeMil$W1$xVenegono$y1$m3Q II 136$j243447$B246571$CSeMilBibl$Z2$F246571 $81 996 $6020$a978-88-331-3894-7$9(OLS)http://semarc/number/298827 996 $6245$aChristiana choreia :$bdanza e cristianesimo tra antichità e Medioevo$9(OLS)http://semarc/title/445486 996 $6264$aRoma :$bViella$9(OLS)http://semarc/publisher/31796 LEADER 01060nam a2200205 i 4500 001 000000056906 003 CaOOAMICUS 005 19970916000000.0 008 970916n it u000 u ita u 013 $a28078 040 $aSeMil$bita 100 1 $aUsai, Giovanni Maria.$0(OLS)http://semarc/name/28857 245 13$aLa norma oggettiva di moralità presso quattro teologi della scuola gesuita :$bF. Suarez (m. 1617), G. Vazquez (m. 1604), G. De Valencia (m. 1603), A. Tanner (m. 1632) 600 14$aSuarez, Francisco.$0(OLS)http://semarc/subject/4595 650 4$aTeologia morale.$0(OLS)http://semarc/subject/91 650 4$aTesi di laurea.$0(OLS)http://semarc/subject/1690 650 4$aVazquez, Gabriel.$0(OLS)http://semarc/subject/10768 850 $aSeMil 852 $aSeMil$W1$xVenegono$y1$m2I V 13$j23060$B23060$CSeMilBibl$Z2$F23062 $81 996 $6245$aLa norma oggettiva di moralità presso quattro teologi della scuola gesuita :$bF. Suarez (m. 1617), G. Vazquez (m. 1604), G. De Valencia (m. 1603), A. Tanner (m. 1632)$9(OLS)http://semarc/title/88520